000 00877nam a2200265Ia 4500
003 OSt
005 20220927110409.0
006 a|||||r|||| 00| 0
007 ta
008 220926b |||||||| |||| 00| 0 eng d
024 _a56647
037 _cReports
040 _aRTL
_cRTL
_beng
041 _2eng
_aeng
082 _a"X:958, N5/UN"
110 _aInternational Social Security Association. Regional meeting(Philippines)(1992)
_9377640
245 0 _aReport for Asia and the Pacific on the extension
260 _aNew
_bDelhi ISSA India
_c1995
300 _a249p.
_ccm.
490 _a"Social security documentation asia and pacific series, 17"
650 _aSocial Security
_9351364
700 _aInternational Social Security Association. Regional meeting(Philippines)(1992)
_9377641
942 _h"X:958, N5/UN"
_cCC
999 _c696353
_d696353